000 00790nam a22002537a 4500
005 20170124105923.0
010 _aB-158708
020 _c00
035 _aB-158708
037 _bCen Lib/Ret
040 _aDPL
_bEN
082 _a370.15
_bYOG
100 _aYogesh Kumar Singh
_95211
245 _aPsychology in education /
_cby Yogesh Kumar Singh; edited by Ruchika Nath
246 _b
260 _bA.P.H. Publishing Corporation
_c2005
_aNew Delhi
270 _bNew Delhi
_a5, ansari road darya ganj
_e110002
300 _avi, 339. :
_c21cm(Hb)
500 _aIncludes, bibliographical references and index
650 _aEducation
_91169
650 _aPsychological Evaluation
_95212
700 _aNath, Ruchika
_95215
942 _2ddc
_cEN
_h370.15
_mYOG
999 _c123285
_d123285